| 000 | 01229nam a2200301 i 4500 | ||
|---|---|---|---|
| 001 | bg | ||
| 100 | 1 |
_aSAUNDERS, Anthony _d(1949- ) |
|
| 245 | 1 | 0 |
_aMetody pomiaru ryzyka kredytowego : _bKMV, VAR, CreditMetrics, LAS, RAROC, Credit Risk Plus / _cAnthony Saunders ; przeł. Grzegorz Łuczkiewicz. |
| 246 |
_iTyt. oryg.: _aCredit risk measurement : new approaches to value at risk and other paradigms |
||
| 260 |
_aKraków : _bOficyna Ekonomiczna. Oddział Polskich Wydawnictw Profesjonalnych : _b"ABC", _c2001. |
||
| 300 |
_a206 s. : _bil. ; _c25 cm. |
||
| 490 | 1 | _aFinanse i Inwestycje | |
| 500 | _aTyt. oryg.: "Credit risk measurement : new approaches to value at risk and other paradigms" 1999. | ||
| 504 | _aBibliogr. - Indeks. | ||
| 650 | 9 |
_aKredyt _xzagadnienia |
|
| 650 | 9 |
_aRyzyko _xfinanse _xbadanie _xmetody |
|
| 655 | _aPodręczniki | ||
| 700 | 1 |
_aŁUCZKIEWICZ, Grzegorz. _eTł. |
|
| 830 | _aFinanse i Inwestycje | ||
| 020 | _a838859737X | ||
| 040 | _cBPK | ||
| 041 | 1 |
_apol _heng |
|
| 080 | _a336.77.001.5(07) | ||
| 920 | _a83-88597-37-X | ||
| 942 | _cKS | ||
| 008 | s pl f |000 0 pol | ||
| 999 |
_c45463 _d45463 |
||
| 856 |
_uhttp://koha.tu.koszalin.pl/cgi-bin/koha/opac-detail.pl?biblionumber=45463 _yKatalog online BPK |
||